00230nam a2200097Ia 4500008004100000100002100041245001800062260002800080942000700108999001700115190216s9999||||xx |||||||||||||| ||und|| aBhaskaran Pillai 0aRasathanthram bKerala Bhasha Institute cBK c37511d37511